| 000 | 02267nam a22004937a 4500 | ||
|---|---|---|---|
| 003 | CHAP | ||
| 005 | 20220329135804.0 | ||
| 008 | 971013s1965 r 00010 d | ||
| 010 | _a42189 | ||
| 011 | _a43161 | ||
| 035 | _a47297 | ||
| 040 | _cCHAP | ||
| 082 |
_a381.0972 _bM48 |
||
| 110 |
_aMéxico. Dirección General de Estadística _976986 |
||
| 245 | _aEstadística industrial anual, 1963- | ||
| 260 |
_aMéxico, D.F. : _bLa Dirección, _c1965- |
||
| 300 | _av | ||
| 500 | _aA partir de 1980 cambio a Instituto Nacional de Estadística. Geografía e Informática | ||
| 500 | _aLa biblioteca tiene: 1963-65; 1969: 1970; 1971; 1972-1973: 1974; 1977; 1978; 1979 | ||
| 590 |
_aBATCH-UPD _b10 _c20130110 _lUCH01 _h1334 |
||
| 590 |
_aBATCH-UPD _b10 _c20130410 _lUCH01 _h0838 |
||
| 590 |
_aBATCH-UPD _b10 _c20130914 _lUCH01 _h1013 |
||
| 590 |
_aCONVERSION _b10 _c20130109 _lUCH01 _h1323 |
||
| 650 | 1 | 4 |
_aComercio _xEstadísticas. _925571 |
| 650 | 1 | 4 |
_aComercio _xEstadísticas _zMéxico. _925589 |
| 650 | 1 | 4 |
_aIndustria _xEstadísticas _zMéxico. _957721 |
| 901 | _aBK | ||
| 942 | _cLIBRO | ||
| 949 |
_a381.0972 M48 _bBC _cBPA _d33724000513594 _eBPA _f1963 _h15396 _i47297 _si |
||
| 949 |
_a381.0972 M48 _bBC _cC _d33724000398038 _eC _f1964 _h15307 _i47297 _si |
||
| 949 |
_a381.0972 M48 _bBC _cC _d33724000398046 _eC _f1965 c.2 _i47297 _si |
||
| 949 |
_a381.0972 M48 _bBC _cC _d33724000513602 _eC _f1965 _h12055 _i47297 _si |
||
| 949 |
_a381.0972 M48 _bBC _cC _d33724000513610 _eC _f1970 c.3 _h47698 _i47297 _si |
||
| 949 |
_a381.0972 M48 _bBC _cC _d33724000513628 _eC _f1973 c.2 _h47157 _i47297 _si |
||
| 949 |
_a381.0972 M48 _bBC _cC _d33724000513636 _eC _f1977 _h54833 _i47297 _si |
||
| 949 |
_a381.0972 M48 _bBC _cC _d33724000515227 _eC _f1979 _h61575 _i47297 _si |
||
| 949 |
_a381.0972 M48 _bBC _cC _d33724000515268 _eC _f1978 _h61574 _i47297 _si |
||
| 949 |
_a381.0972 M48 _bBC _cC _d33724000515284 _eC _f1969 _i47297 _si |
||
| 949 |
_a381.0972 M48 _bBC _cC _d33724000515292 _eC _f1974 c.2 _h47158 _i47297 _si |
||
| 949 |
_a381.0972 M48 _bBC _cC _d33724000515300 _eC _f1977 c.2 _h61573 _i47297 _si |
||
| 949 |
_a381.0972 M48 _bBC _cC _d33724000515318 _eC _f1971 _h47156 _i47297 _si |
||
| 949 |
_a381.0972 M48 _bBC _cC _d33724000515334 _eC _f1972 _h47155 _i47297 _si |
||
| 949 |
_a381.0972 M48 _bBC _cC _d33724000515342 _eC _f1970 c.2 _h47154 _i47297 _si |
||
| 999 |
_c42189 _d42189 |
||